00257nam a2200109Ia 4500008004100000041000800041082001100049100001500060245003300075260003100108300000800139230511s2004 xx 000 0 und d aeng a344.01 aPatel D A  aLaw of Industrial Disputes  aPunebHind Law Housec2004 a275